000 01235nam0a22002651 4500
001 rc\3160916
005 20260407121853.0
021 _aRU
_bРг6318-77
021 _aRU
_b77-19720
035 _a(NLR Aleph) 007302346
090 _a5723642
_c5723642
100 _a20120615d1976 |||y0rusy50 ca
101 0 _arus
102 _aRU
105 _aa z |||||
200 1 _aИнфузионная урография в диагностике поражения мочевыводящей системы при лимфогранулематозе
_eМетод. рекомендации
_fСост. Е.К. Ларюковой
_gКазан. гос. ин-т усовершенствования врачей им. В.И. Ленина. М-во здрав. ТАССР. Респ. онкол. диспансер
210 _aКазань
_cБ. и.
_d1976
215 _a13 с.
_cил.
_d22
702 1 _aЛарюкова
_bЕ.К.
_4220
712 0 2 _aКазанский государственный институт для усовершенствования врачей им. В. И. Ленина
_3RU\NLR\AUTH\889957826
_9411724
801 0 _aRU
_bNLR
_gpsbo
801 1 _aRU
_bELAR
_2rusmarc
852 _aNLR
_j77-6/3768
942 _cBOOK
980 _aNB